Evangelism in a contemporary context (Record no. 10559)

000 -LEADER
fixed length control field 00573nam a2200181 a 4500
001 - CONTROL NUMBER
control field :::00008348$&:&@@
003 - CONTROL NUMBER IDENTIFIER
control field OkBaRHE
005 - DATE AND TIME OF LATEST TRANSACTION
control field 20000607103343.0
008 - FIXED-LENGTH DATA ELEMENTS--GENERAL INFORMATION
fixed length control field s1974 j 000 0 eng u
040 ## - CATALOGING SOURCE
Transcribing agency
100 1# - MAIN ENTRY--PERSONAL NAME
Personal name Cannon, William Ragsdale, 1916-
245 10 - TITLE STATEMENT
Title Evangelism in a contemporary context
Statement of responsibility, etc by William R. Cannon.
260 ## - PUBLICATION, DISTRIBUTION, ETC. (IMPRINT)
Place of publication, distribution, etc Nashville, TN., :
Name of publisher, distributor, etc Tidings
Date of publication, distribution, etc 1974
300 ## - PHYSICAL DESCRIPTION
Extent 110 p. ;
Dimensions 19 cm.
650 ## - SUBJECT ADDED ENTRY--TOPICAL TERM
Topical term or geographic name as entry element Evangelistic Work
942 ## - ADDED ENTRY ELEMENTS (KOHA)
Source of classification or shelving scheme
Koha item type Books
Copies
Shelving location Full call number Permanent Location Price effective from Withdrawn status Copy number Date acquired Not for loan Koha item type Date last seen Damaged status Source of classification or shelving scheme Barcode Lost status
General StacksBV 3790 .C25RHEMA Bible Training College2010-04-14 12010-04-14 Books2010-04-14  8348